|
|
|
|
| LEADER |
00000cam a2200000 i 4500 |
| 001 |
1/37103 |
| 008 |
061109s2005####gr | ||| |||| ||gre|| |
| 020 |
|
|
|a 9604022008
|
| 035 |
|
|
|l 10085994
|
| 040 |
|
|
|a GR-MyUa
|b gre
|e AACR2
|
| 041 |
0 |
|
|a gre
|
| 082 |
7 |
|
|a 302
|2 (22)
|
| 100 |
1 |
|
|a Κοκκινάκη, Φλώρα.
|
| 245 |
1 |
0 |
|a Κοινωνική ψυχολογία :
|b εισαγωγή στη μελέτη της κοινωνικής συμπεριφοράς /
|c Φλώρα Κοκκινάκη.
|
| 260 |
|
|
|a Αθήνα :
|b Τυπωθήτω,
|c c2005.
|
| 300 |
|
|
|a 397 σ. :
|b εικ. ;
|c 25 εκ.
|
| 500 |
|
|
|a Το παράρτημα της Χίου διαθέτει την ανατύπωση του 2006.
|
| 500 |
|
|
|a Το 2ο αντίτυπο του παραρτήματος Σύρου είναι 2ης ανατύπωσης.
|
| 504 |
|
|
|a Βιβλιογραφία: σ. 327-376. Ευρετήριο.
|
| 650 |
|
0 |
|a Social psychology.
|
| 852 |
|
|
|a INST
|b CHIOS
|e 20090508
|h 302 ΚΟΚ
|p 005200030376
|q 005200030376
|t BK
|y 4
|x 20161118
|
| 852 |
|
|
|a INST
|b CHIOS
|e 20090508
|h 302 ΚΟΚ
|p 005200030377
|q 005200030377
|t BK
|y 0
|
| 852 |
|
|
|a INST
|b CHIOS
|e 20081027
|h 302 ΚΟΚ
|p 005200030946
|q 005200030946
|t BK
|y 0
|
| 852 |
|
|
|a INST
|b CHIOS
|e 20081027
|h 302 ΚΟΚ
|p 005200030947
|q 005200030947
|t BK
|y 0
|
| 852 |
|
|
|a INST
|b CHIOS
|e 20081027
|h 302 ΚΟΚ
|p 005200030948
|q 005200030948
|t BK
|y 0
|
| 852 |
|
|
|a INST
|b CHIOS
|e 20100803
|h 302 ΚΟΚ
|p 005200032246
|q 005200032246
|t BK
|y 0
|
| 852 |
|
|
|a INST
|b CHIOS
|e 20100803
|h 302 ΚΟΚ
|p 005200032247
|q 005200032247
|t BK
|y 0
|
| 852 |
|
|
|a INST
|b LESVOS
|c EUDOXUS
|e 20180518
|h 302 ΚΟΚ
|p 005100060278
|q 005100060278
|t EDX
|y 0
|
| 852 |
|
|
|a INST
|b LESVOS
|c EUDOXUS
|e 20180530
|h 302 ΚΟΚ
|p 005100060359
|q 005100060359
|t EDX
|y 0
|
| 852 |
|
|
|a INST
|b SYROS
|e 20061109
|h 302 ΚΟΚ
|p 005500007587
|q 005500007587
|t BK
|y 0
|
| 852 |
|
|
|a INST
|b SYROS
|e 20090504
|h 302 ΚΟΚ
|p 005500008462
|q 005500008462
|t BK
|y 0
|
| 901 |
|
|
|a BIBL5-2009-1
|
| 901 |
|
|
|a BIBL5-2006-3
|
| 901 |
|
|
|a BIBL2-2008-3
|
| 901 |
|
|
|a BIBL2-2009-2
|
| 901 |
|
|
|a BIBL2-2010-2
|
| 920 |
|
|
|a Εύδοξος
|b Επιστροφή
|y Λέσβος
|z 2018-05
|
| 922 |
|
|
|a 5ΕΛΗ
|b 200610
|c Βιβλιοθήκη Σύρου
|d Glory Book
|
| 950 |
|
|
|a 188-2006-10-10
|
| 970 |
|
|
|a Καγιαβά
|b Ειρήνη
|z 19/12/2006
|